Statistics for NFL Players by Last Name

Click here to take the quiz!

General Stats

  • This quiz has been taken 4,603 times
    (4,528 since last reset)
  • The average score is 20 of 28

Answer Stats

First Name Last Name % Correct
DrewBrees
97%
BrettFavre
96%
BenRoethlisberger
96%
TimTebow
95%
RobertGriffin III
94%
DanMarino
92%
JayCutler
92%
TroyPolamalu
90%
AdamVinatieri
86%
WesWelker
86%
JoeNamath
84%
JohnnyUnitas
83%
MikeDitka
80%
RogerStaubach
73%
BartStarr
73%
DickButkus
73%
LaDainianTomlinson
70%
DougFlutie
70%
DarrelleRevis
64%
JeffSaturday
64%
SebastianJanikowski
56%
FranTarkenton
54%
HalotiNgata
53%
GeorgeBlanda
52%
GaleSayers
50%
RayGuy
34%
NnamdiAsomugha
30%
RedGrange
24%

Score Distribution

Percentile by Number Answered

Percent of People with Each Score

Your Score History

You have not taken this quiz since the last reset